Szedik a "piros aranyat"
Elmentve itt :
| Dokumentumtípus: | Cikk |
|---|---|
| Megjelent: |
1971-09-04
|
| Sorozat: | Délmagyarország
61 No. 208 |
| Kulcsszavak: | paprika |
| Online Access: | http://dmarchiv.bibl.u-szeged.hu/107966 |
| LEADER | 00388nab a2200145 i 4500 | ||
|---|---|---|---|
| 001 | delm107966 | ||
| 005 | 20190408095316.0 | ||
| 008 | 190408s1971 hu o 0|| hun d | ||
| 040 | |a SZTE Délmagyarország Archívum |b hun | ||
| 041 | |a hun | ||
| 245 | 0 | 0 | |a Szedik a "piros aranyat" |h [elektronikus dokumentum] |
| 260 | |c 1971-09-04 | ||
| 300 | |a 1 | ||
| 490 | 0 | |a Délmagyarország |v 61 No. 208 | |
| 695 | |a paprika | ||